Mathématiques: terminale S, spécialité
Uloženo v:
| Hlavní autoři: | , , , , , , , , |
|---|---|
| Médium: | Kniha |
| Jazyk: | francouzština |
| Vydáno: |
Rosny-sous-Bois
Bréal
2002
|
| Témata: | |
| Tagy: |
Přidat tag
Žádné tagy, Buďte první, kdo vytvoří štítek k tomuto záznamu!
|
MARC
| LEADER | 00000nam a2200000 a 4500 | ||
|---|---|---|---|
| 001 | UCM5107 | ||
| 003 | CL-VaPUC | ||
| 008 | 020927e20020000fr |||||||||||||||||fre|d | ||
| 020 | |a 2842918835 | ||
| 082 | 0 | 4 | |a 510.712 |b THI |2 21 |
| 100 | 0 | |a Thiénard, Jean-Claude |e author |9 471464 | |
| 700 | 0 | |a Cheymol, Maryse |e author |9 471465 | |
| 700 | 0 | |a Combrade, Maryse |e author |9 471466 | |
| 700 | 0 | |a Delors, Francoise |e author |9 471467 | |
| 700 | 0 | |a Bonneval, Louis-Marie |e author |9 471468 | |
| 700 | |a Gaud, Dominique |e author |9 478735 | ||
| 700 | 0 | |a Jussiaume, Loïc |e author |9 471470 | |
| 700 | 0 | |a Parnaudeau, Jean-Marie |e author |9 471471 | |
| 700 | 0 | |a Terrochaire |e author |9 471472 | |
| 245 | 1 | 0 | |a Mathématiques: terminale S, spécialité |
| 300 | |a 191 p | ||
| 942 | |c BK | ||
| 945 | |d 20020927 00:00:00 |a cmena | ||
| 260 | |a Rosny-sous-Bois |b Bréal |c 2002 | ||
| 650 | 0 | |a Matemáticas |x Enseñanza |9 875527 | |
| 650 | 0 | |a Métodos de enseñanza |9 270413 | |
| 583 | |a last modification |c 20150511 04:14:14 |k Rodrigo Vera | ||
| 999 | |c 301391 |d 301389 | ||